Biografía de un monumento = (Registro nro. 13215)

Detalles MARC
000 -LEADER
fixed length control field 00800nam a2200265 a 4500
001 - CONTROL NUMBER
control field 000025208
003 - CONTROL NUMBER IDENTIFIER
control field DO-SdBNP
005 - DATE AND TIME OF LATEST TRANSACTION
control field 20180214104026.0
008 - FIXED-LENGTH DATA ELEMENTS--GENERAL INFORMATION
fixed length control field 110211s2011 dr a 000 0 spa d
020 ## - INTERNATIONAL STANDARD BOOK NUMBER
International Standard Book Number 9993483443
040 ## - CATALOGING SOURCE
Original cataloging agency BPMSU
Language of cataloging spa
Transcribing agency BPMSU
049 ## - LOCAL HOLDINGS (OCLC)
Holding library
092 ## - LOCALLY ASSIGNED DEWEY CALL NUMBER (OCLC)
Classification number
Item number
100 1# - MAIN ENTRY--PERSONAL NAME
Personal name Pérez Montás, Eugenio
245 10 - TITLE STATEMENT
Title Biografía de un monumento =
Statement of responsibility, etc.
Remainder of title biography of a monument /
Medium Eugenio Pérez Montás ; prólogo Frank Moya Pons
246 ## - VARYING FORM OF TITLE
Title proper/short title Biography of a monument
260 ## - PUBLICATION, DISTRIBUTION, ETC. (IMPRINT)
Place of publication, distribution, etc. Santo Domingo :
Name of publisher, distributor, etc. Voluntariado de Las Casas Reales,
Date of publication, distribution, etc. 1979
300 ## - PHYSICAL DESCRIPTION
Extent 127 p.;
Dimensions 29 cm.
490 1# - SERIES STATEMENT
Series statement
700 1# - ADDED ENTRY--PERSONAL NAME
Personal name Frank Moya Pons
Relator term pról.
830 #0 - SERIES ADDED ENTRY--UNIFORM TITLE
Uniform title
942 ## - ADDED ENTRY ELEMENTS (KOHA)
Source of classification or shelving scheme Dewey Decimal Classification
Koha item type Libros
945 ## - LOCAL PROCESSING INFORMATION (OCLC)
a Remanejado para la BNPHU / 2017 VM
956 ## - LOCAL ELECTRONIC LOCATION AND ACCESS (OCLC)
Host name VMATEO
Access number 10
Compression information 20171129
Logon BPMSU
Processor of request 0069
Existencias
Withdrawn status Lost status Source of classification or shelving scheme Damaged status Not for loan Collection code Home library Current library Date acquired Total Checkouts Barcode Date last seen Price effective from Koha item type
    Dewey Decimal Classification     Colección Dominicana Biblioteca Pública Metropolitana Salomé Ureña Biblioteca Pública Metropolitana Salomé Ureña 11/29/2017   BPMSU17110541 11/29/2017 11/29/2017 Libros